000 00797nam a2200217 i 4500
001 14419
003 ES-MaACL
005 20230906150815.0
007 t|
008 961203s1996 sp f |||| | spa j
020 _a84-921456-1-7
080 _a946.025.3"07/14"
245 0 0 _aBataliús
_b: el reino taifa de Badajoz : estudios /
_ceditor, Fernando Díaz Esteban.
260 _aMadrid :
_bLetrúmero,
_c1996.
300 _a286 p., [40] p. de lám. col. y n. ;
_c24 cm.
500 _aPonencias del Congreso Hispano-Luso sobre el Reino Taifa de Badajoz, celebrado en 1995.
651 4 _aBadajoz (Reino de taifa)-
_xHistoria.
_9157722
700 1 _aDíaz Esteban, Fernando.
_944270
711 2 _aCongreso Hispano-Luso sobre el Reino Taifa de Badajoz (
_d1995)
_9383
852 _aES-MaACL
_jL-21672
999 _c14419
_d14419